00592cam a2200229 4500001000800000005001700008008004100025010001700066020001500083040001800098041000800116080000800124082001200132100000700144101000800151245008900159350001100248504002900259906004500288942001200333999001700345411002520180307034816.0720512s1972 nyua b 001 0 eng  a 75177443  a0393093875 aDLCcDLCdDLC aeng a57400a574 KEE1 a11 aBIO10aBiological sciencec[by] William T. Keeton. Illustrated by Paula Di Santo Bensadoun. a$11.75 aIncludes bibliographies. a7bcbccorignewd2encipf19gy-gencatlg 2ddccBK c44262d44262